Kluby w La Liga 2024/2025 - nagła śmierć - Statystyki

Ogólne statystyki
  • Ten quiz został rozwiązany 201 razy
  • Średni wynik to 12 z 20
Answers on the Grid
Answers color-coded by a green-red scale on the quiz's grid according to % correct below.
Osasuna
Levante
Elche
Las Palmas
Rayo Vallecano
Villareal
Granada
Athletic Bilbao
Atletico Madryt
Deportivo La Coruña
Barcelona
Real Sociedad
Barbastro
Real Valladolid
Real Madryt
Eibar
Malaga
Mallorca
Mirandes
Real Betis
Celta Vigo
Sevilla
Almeria
Leganes
Valencia
Espanyol
Girona
Cadiz
Getafe
Deportivo Alaves
 
Statystyki odpowiedzi
Odpowiedź % Poprawnych
Osasuna
78%
Atletico Madryt
75%
Athletic Bilbao
71%
Rayo Vallecano
71%
Real Madryt
69%
Barcelona
67%
Sevilla
65%
Valencia
65%
Real Sociedad
64%
Villareal
64%
Las Palmas
62%
Real Betis
62%
Celta Vigo
60%
Getafe
60%
Girona
60%
Espanyol
55%
Mallorca
53%
Leganes
51%
Real Valladolid
51%
Deportivo Alaves
40%
Nie znaleziono quizów pasujących do podanych kryteriów
Rozkład punktacji
Procent ludzi z każdym wynikiem
Percentyl według liczby udzielonych odpowiedzi
Twoja historia wyników
Nie rozwiązałeś tego quizu